[Event "Titled Tuesday intern op 06th May Early"]
[Site "Chess.com INT"]
[Date "2025.05.06"]
[Round "5"]
[White "Buraczewski, Rafal"]
[Black "Gong, Qianyun"]
[Result "0-1"]
[WhiteElo "2135"]
[BlackElo "2265"]
[PlyCount "54"]
[EventDate "2025.05.06"]
[EventType "swiss (blitz)"]
[EventRounds "11"]
[EventCountry "USA"]
[SourceTitle "CB20_2025"]
[SourceDate "2025.05.14"]
[SourceVersion "1"]
[SourceVersionDate "2025.05.14"]
[SourceQuality "1"]

1. c3 c5 2. d4 d5 3. Nf3 Nf6 4. Bg5 Nc6 5. e3 Ne4 6. Bh4 Bf5 7. Bb5 Qb6 8. Bxc6+ bxc6 9. Qb3 e6 10. Ne5 cxd4 11. exd4 Qa6 12. g4 Bg6 13. f3 Nf6 14. Nd2 Bd6 15. 0-0-0 Rb8 16. Nxg6 Rxb3 17. Nxh8 Rb8 18. Bxf6 gxf6 19. a3 Qb5 20. b4 Qa4 21. Nb1 a5 22. g5 fxg5 23. Rhg1 Bf4+ 24. Kb2 axb4 25. cxb4 c5 26. dxc5 Be5+ 27. Ka2 Rxb4 0-1

[Event "Titled Tuesday intern op 06th May Early"]
[Site "Chess.com INT"]
[Date "2025.05.06"]
[Round "6"]
[White "Duarte Cramer, Lily Jeanette"]
[Black "Buraczewski, Rafal"]
[Result "1-0"]
[WhiteElo "1828"]
[BlackElo "2135"]
[PlyCount "117"]
[EventDate "2025.05.06"]
[EventType "swiss (blitz)"]
[EventRounds "11"]
[EventCountry "USA"]
[SourceTitle "CB20_2025"]
[SourceDate "2025.05.14"]
[SourceVersion "1"]
[SourceVersionDate "2025.05.14"]
[SourceQuality "1"]

1. d4 Nf6 2. Bf4 c5 3. e3 d5 4. c3 Nc6 5. Nd2 Bf5 6. Ngf3 e6 7. Bb5 a6 8. Bxc6+ bxc6 9. Ne5 Qb6 10. Qa4 Rc8 11. Nb3 c4 12. Na5 Qxb2 13. 0-0 Qb5 14. Qxb5 cxb5 15. Nb7 Be7 16. a4 0-0 17. axb5 axb5 18. Rfb1 b4 19. cxb4 Bxb1 20. Rxb1 c3 21. Nc5 Bxc5 22. dxc5 h6 23. Rc1 g5 24. Bg3 Ne4 25. Ng4 h5 26. Ne5 h4 27. f3 hxg3 28. fxe4 gxh2+ 29. Kxh2 dxe4 30. Rxc3 f6 31. Nd7 Rf7 32. Nb6 Rcc7 33. b5 Rf8 34. c6 Rb8 35. Nd7 Rxb5 36. Nxf6+ Kg7 37. Nxe4 Rb6 38. Nxg5 Rbxc6 39. Nxe6+ Kf6 40. Nxc7 Rxc3 41. Nd5+ Ke5 42. Nxc3 Kf5 43. Kg3 Kg5 44. Kf3 Kf5 45. g4+ Kg6 46. Ne4 Kg7 47. Kf4 Kg6 48. g5 Kf7 49. Kf5 Kg7 50. Nd6 Kf8 51. Kf6 Kg8 52. e4 Kf8 53. e5 Kg8 54. e6 Kh8 55. Nf7+ Kh7 56. g6+ Kg8 57. Ne5 Kh8 58. e7 Kg8 59. e8R# 1-0

[Event "Titled Tuesday intern op 06th May Early"]
[Site "Chess.com INT"]
[Date "2025.05.06"]
[Round "9"]
[White "Perez Coyula, Rafael Alcides"]
[Black "Buraczewski, Rafal"]
[Result "1-0"]
[WhiteElo "2153"]
[BlackElo "2135"]
[PlyCount "41"]
[EventDate "2025.05.06"]
[EventType "swiss (blitz)"]
[EventRounds "11"]
[EventCountry "USA"]
[SourceTitle "CB20_2025"]
[SourceDate "2025.05.14"]
[SourceVersion "1"]
[SourceVersionDate "2025.05.14"]
[SourceQuality "1"]

1. d4 Nf6 2. Bg5 c5 3. d5 d6 4. Nc3 g6 5. e4 Bg7 6. f4 h6 7. Bh4 Qa5 8. Qd2 e6 9. Nf3 exd5 10. e5 dxe5 11. fxe5 Nfd7 12. Nxd5 Qxd2+ 13. Kxd2 Na6 14. Bxa6 Rb8 15. Bb5 g5 16. Bg3 0-0 17. e6 fxe6 18. Bxb8 exd5 19. Bd6 Re8 20. Rae1 Rxe1 21. Rxe1 1-0

[Event "Titled Tuesday intern op 28th Jan Early"]
[Site "Chess.com INT"]
[Date "2025.01.28"]
[Round "6"]
[White "Buraczewski, Rafal"]
[Black "Kaliakhmet, Elnaz"]
[Result "0-1"]
[WhiteElo "2135"]
[BlackElo "2215"]
[PlyCount "90"]
[EventDate "2025.01.28"]
[EventType "swiss (blitz)"]
[EventRounds "11"]
[EventCountry "USA"]
[SourceTitle "CB06_2025"]
[SourceDate "2025.02.05"]
[SourceVersion "1"]
[SourceVersionDate "2025.02.05"]
[SourceQuality "1"]

1. d4 d5 2. c4 c6 3. Nc3 Nf6 4. Nf3 e6 5. Bg5 Nbd7 6. e3 Qa5 7. Bxf6 Nxf6 8. Nd2 Bb4 9. Qb3 0-0 10. cxd5 exd5 11. Bd3 Bd6 12. 0-0 Qc7 13. h3 Be6 14. Rac1 Qd7 15. f4 g6 16. Nf3 Ne4 17. Qc2 Bf5 18. Nxe4 dxe4 19. Bxe4 Bxe4 20. Qxe4 Rfe8 21. Qd3 Qe6 22. Rfe1 Qxa2 23. e4 Bxf4 24. Rc2 a5 25. e5 a4 26. h4 h5 27. Qe4 Bh6 28. Ng5 Bxg5 29. hxg5 Qb3 30. Rf2 Qd5 31. Qf4 Rad8 32. Ref1 Rd7 33. Rd1 c5 34. Rfd2 Red8 35. dxc5 Qxc5+ 36. Kh2 Rxd2 37. Rxd2 Rxd2 38. Qxd2 Qxe5+ 39. g3 Kg7 40. Qb4 b5 41. Qd2 Qc5 42. Kh3 b4 43. Qf4 Qf5+ 44. Qxf5 gxf5 45. Kh4 a3 0-1

[Event "Titled Tuesday intern op 28th Jan Early"]
[Site "Chess.com INT"]
[Date "2025.01.28"]
[Round "3"]
[White "Buraczewski, Rafal"]
[Black "Sai, Krishna GV"]
[Result "0-1"]
[WhiteElo "2135"]
[BlackElo "2374"]
[PlyCount "68"]
[EventDate "2025.01.28"]
[EventType "swiss (blitz)"]
[EventRounds "11"]
[EventCountry "USA"]
[SourceTitle "CB06_2025"]
[SourceDate "2025.02.05"]
[SourceVersion "1"]
[SourceVersionDate "2025.02.05"]
[SourceQuality "1"]

1. d4 g6 2. c4 Bg7 3. Nc3 d6 4. Nf3 Nd7 5. Bf4 e5 6. Bd2 Ne7 7. dxe5 dxe5 8. e4 0-0 9. Be3 c6 10. Be2 Qc7 11. 0-0 Rd8 12. Qc2 Nf8 13. Rad1 Ne6 14. Rxd8+ Qxd8 15. Rd1 Qc7 16. Qd2 f6 17. Qd6 Kf8 18. c5 Ke8 19. Bc4 Qxd6 20. cxd6 Ng8 21. Nd2 Nh6 22. Nb3 b6 23. a4 Ng4 24. Na2 Nxe3 25. fxe3 a5 26. Nc3 Nd8 27. Nc1 Nb7 28. N1a2 Bf8 29. b4 Bxd6 30. b5 Bd7 31. Nc1 Bb4 32. N1e2 Nc5 33. Na2 Nxa4 34. Nxb4 axb4 0-1

[Event "Titled Tuesday intern op 28th Jan Early"]
[Site "Chess.com INT"]
[Date "2025.01.28"]
[Round "11"]
[White "De Souza, Cristiano Gomes"]
[Black "Buraczewski, Rafal"]
[Result "1-0"]
[WhiteElo "2018"]
[BlackElo "2135"]
[PlyCount "75"]
[EventDate "2025.01.28"]
[EventType "swiss (blitz)"]
[EventRounds "11"]
[EventCountry "USA"]
[SourceTitle "CB06_2025"]
[SourceDate "2025.02.05"]
[SourceVersion "1"]
[SourceVersionDate "2025.02.05"]
[SourceQuality "1"]

1. d4 Nf6 2. c4 e6 3. Nf3 c5 4. d5 d6 5. Nc3 e5 6. h3 Bf5 7. Nh4 Bg6 8. Nxg6 hxg6 9. e4 Nbd7 10. Be2 Be7 11. 0-0 0-0 12. f4 Re8 13. Be3 Qb6 14. Qd2 exf4 15. Bxf4 Bf8 16. Bd3 Ne5 17. Bxe5 Rxe5 18. Rae1 Be7 19. b3 Nd7 20. Re2 Bg5 21. Qe1 Rae8 22. Ref2 Nf6 23. Qe2 Qa5 24. Nb5 Qb6 25. a4 a6 26. Nc3 Qxb3 27. Qc2 Qxc2 28. Rxc2 Be3+ 29. Kh2 Bd4 30. Rb1 R8e7 31. Ne2 Nxe4 32. Nxd4 cxd4 33. Rcb2 Nc3 34. Ra1 Re3 35. Rd2 Rc7 36. Bf1 Ne2 37. Bxe2 d3 38. Bxd3 1-0

[Event "Titled Tuesday intern op 28th Jan Early"]
[Site "Chess.com INT"]
[Date "2025.01.28"]
[Round "9"]
[White "Mangialardo, Tiago Carvalho"]
[Black "Buraczewski, Rafal"]
[Result "1-0"]
[WhiteElo "1979"]
[BlackElo "2135"]
[PlyCount "77"]
[EventDate "2025.01.28"]
[EventType "swiss (blitz)"]
[EventRounds "11"]
[EventCountry "USA"]
[SourceTitle "CB06_2025"]
[SourceDate "2025.02.05"]
[SourceVersion "1"]
[SourceVersionDate "2025.02.05"]
[SourceQuality "1"]

1. e4 c6 2. d4 d5 3. e5 c5 4. c3 Nc6 5. a3 cxd4 6. cxd4 Bf5 7. Nc3 e6 8. Nf3 Nge7 9. Nh4 Qb6 10. Na4 Qxd4 11. Nf3 Qxd1+ 12. Kxd1 Bg4 13. Bb5 a6 14. Bxc6+ Nxc6 15. Re1 Nd4 16. Re3 Nxf3 17. gxf3 Bf5 18. Rc3 b5 19. Nb6 Rb8 20. Rc6 Be7 21. Be3 f6 22. f4 fxe5 23. fxe5 Kf7 24. Rac1 d4 25. Bd2 Rhd8 26. Ba5 d3 27. f3 d2 28. R1c3 Bg5 29. Rc7+ Kg6 30. Nc8 h6 31. Nd6 h5 32. Ra7 h4 33. Bxd8 Rxd8 34. Rxa6 Bf4 35. Nxf5 Kxf5 36. Rb6 Bxe5 37. Rxb5 Kf4 38. Rc4+ Kxf3 39. Rxe5 1-0

[Event "Jesenik op-A"]
[Site "Jesenik"]
[Date "2024.08.23"]
[Round "7"]
[White "Buraczewski, Rafal"]
[Black "Bauma, Jiri"]
[Result "1-0"]
[WhiteElo "2128"]
[BlackElo "2098"]
[PlyCount "195"]
[EventDate "2024.08.17"]
[EventType "swiss"]
[EventRounds "9"]
[EventCountry "CZE"]
[SourceTitle "CBM 221 Extra"]
[Source "ChessBase"]
[SourceDate "2024.09.30"]
[SourceVersion "1"]
[SourceVersionDate "2024.09.30"]
[SourceQuality "1"]

1. d4 Nf6 2. Nf3 d6 3. c4 Nbd7 4. Nc3 e5 5. e4 Be7 6. Be2 0-0 7. 0-0 Re8 8. d5 Nc5 9. Qc2 a5 10. Be3 Bg4 11. Bxc5 Bxf3 12. Be3 Bg4 13. a3 Bd7 14. b4 Ng4 15. Bxg4 Bxg4 16. c5 Bg5 17. Qd2 Bxe3 18. Qxe3 g6 19. Rfc1 Bd7 20. b5 f5 21. b6 dxc5 22. bxc7 Qxc7 23. exf5 Bxf5 24. Nb5 Qd7 25. Rxc5 b6 26. Rc6 Qxd5 27. Rxb6 Rad8 28. Re1 Qd2 29. h3 Bc2 30. Qxd2 Rxd2 31. Nd6 Re6 32. Rb8+ Kg7 33. Nc4 Rd3 34. Nxa5 Rxa3 35. Nc4 Ra7 36. Rxe5 Rxe5 37. Nxe5 Re7 38. Rb5 Be4 39. Kh2 h5 40. Ra5 Rc7 41. f3 Bf5 42. Ra6 Rc2 43. h4 Re2 44. Ra7+ Kf6 45. Nf7 Rb2 46. Ng5 Bd3 47. Rf7+ Ke5 48. Nh3 Ke6 49. Rf8 Ke7 50. Ra8 Kf6 51. Kg3 Bf5 52. Nf4 Rd2 53. Ra6+ Kf7 54. Ra5 Kf6 55. Nd5+ Kf7 56. Ne3 Be6 57. Kf4 Kf6 58. Ra4 Rb2 59. g3 Rb1 60. Nc2 Rb6 61. Nd4 Bd7 62. Rc4 Be6 63. Rc6 Rxc6 64. Nxc6 Bd5 65. Ne5 Bb7 66. Nd7+ Kg7 67. Nc5 Bd5 68. Ne4 Kh6 69. Ke5 Bc4 70. Kf6 Be2 71. Ng5 Bd3 72. Kf7 Bc4+ 73. Kf8 Bd5 74. Ke7 Kg7 75. Ne6+ Kh6 76. f4 Be4 77. Kf6 Bc2 78. Nd4 Be4 79. f5 gxf5 80. Nxf5+ Kh7 81. Kg5 Bf3 82. Ne3 Be2 83. Nd5 Bd1 84. Nf6+ Kg7 85. Nxh5+ Kh7 86. Nf4 Bc2 87. Nd5 Bd3 88. Ne3 Be4 89. Kf6 Kh6 90. g4 Bd3 91. Nf5+ Kh7 92. g5 Bc4 93. g6+ Kh8 94. h5 Bb3 95. Nd6 Kg8 96. h6 Kh8 97. Nf7+ Bxf7 98. gxf7 1-0

[Event "Jesenik op-A"]
[Site "Jesenik"]
[Date "2024.08.22"]
[Round "6"]
[White "Korenova, Simona"]
[Black "Buraczewski, Rafal"]
[Result "0-1"]
[WhiteElo "1978"]
[BlackElo "2128"]
[PlyCount "118"]
[EventDate "2024.08.17"]
[EventType "swiss"]
[EventRounds "9"]
[EventCountry "CZE"]
[SourceTitle "CBM 221 Extra"]
[Source "ChessBase"]
[SourceDate "2024.09.30"]
[SourceVersion "1"]
[SourceVersionDate "2024.09.30"]
[SourceQuality "1"]

1. d4 d5 2. c4 dxc4 3. Nc3 a6 4. a4 e5 5. d5 Bb4 6. e4 Qh4 7. Qc2 Nf6 8. Bd2 Bxc3 9. Bxc3 Nbd7 10. Nf3 Qxe4+ 11. Qxe4 Nxe4 12. Bxe5 Nxe5 13. Nxe5 c3 14. bxc3 0-0 15. Nc4 Re8 16. Ne3 Nxc3 17. Bc4 Bd7 18. Bb3 b5 19. a5 c5 20. dxc6 Bxc6 21. 0-0 Ne2+ 22. Kh1 Nf4 23. Rfc1 Rac8 24. Rc2 Nd3 25. Kg1 Be4 26. Rxc8 Rxc8 27. f3 Rc1+ 28. Rxc1 Nxc1 29. Bxf7+ Kxf7 30. fxe4 Nb3 31. Nd5 Nxa5 32. Nb4 Ke6 33. Kf2 Ke5 34. Kf3 Nc4 35. Nxa6 Nd2+ 36. Ke3 Nxe4 37. Nb4 Nf6 38. Nd3+ Kd5 39. Nb4+ Kc4 40. Nc6 Ng4+ 41. Kf4 Nxh2 42. Kf5 b4 43. Nxb4 Kxb4 44. Ke6 Kc4 45. Kf7 g5 46. Kf6 h6 47. Kg6 Ng4 48. Kh5 Ne3 49. Kxh6 g4 50. Kg5 Kd3 51. Kf4 Ke2 52. Kg3 Kf1 53. Kh2 Nxg2 54. Kh1 Nf4 55. Kh2 Kf2 56. Kh1 Kf3 57. Kg1 g3 58. Kh1 g2+ 59. Kh2 Nh3 0-1

[Event "Jesenik op-A"]
[Site "Jesenik"]
[Date "2024.08.20"]
[Round "4"]
[White "Taragelova, Martina"]
[Black "Buraczewski, Rafal"]
[Result "1/2-1/2"]
[WhiteElo "1987"]
[BlackElo "2128"]
[PlyCount "56"]
[EventDate "2024.08.17"]
[EventType "swiss"]
[EventRounds "9"]
[EventCountry "CZE"]
[SourceTitle "CBM 221 Extra"]
[Source "ChessBase"]
[SourceDate "2024.09.30"]
[SourceVersion "1"]
[SourceVersionDate "2024.09.30"]
[SourceQuality "1"]

1. e4 e6 2. d4 d5 3. Nd2 Nf6 4. e5 Nfd7 5. Bd3 c5 6. c3 Nc6 7. Ne2 cxd4 8. cxd4 f6 9. Nf4 Nxd4 10. Qh5+ Ke7 11. exf6+ Nxf6 12. Ng6+ hxg6 13. Qxh8 Kf7 14. Qh4 e5 15. Nf3 Nxf3+ 16. gxf3 Bf5 17. Bxf5 gxf5 18. Bg5 Qa5+ 19. Kf1 Be7 20. Kg2 Rc8 21. Rhc1 Rc6 22. Qh8 Qc7 23. Qa8 Nh5 24. Rxc6 Qxc6 25. Bxe7 Nf4+ 26. Kh1 Kxe7 27. Rg1 Kf7 28. Qh8 Ng6 1/2-1/2

[Event "Chess.com Speed Play In"]
[Site "Chess.com INT"]
[Date "2024.06.27"]
[Round "7"]
[White "Buraczewski, Rafal"]
[Black "Kandil, Ahmed"]
[Result "1-0"]
[WhiteElo "2128"]
[BlackElo "2069"]
[PlyCount "57"]
[EventDate "2024.06.27"]
[EventType "swiss (blitz)"]
[EventRounds "11"]
[EventCountry "USA"]
[SourceTitle "CBM 220 Extra"]
[Source "ChessBase"]
[SourceDate "2024.07.31"]
[SourceVersion "1"]
[SourceVersionDate "2024.07.31"]
[SourceQuality "1"]

1. d4 a6 2. Nf3 Nf6 3. c4 e6 4. Nc3 Bb4 5. Bg5 b5 6. e4 h6 7. Bxf6 Qxf6 8. cxb5 0-0 9. bxa6 Bxa6 10. Bxa6 Nxa6 11. 0-0 c5 12. e5 Qe7 13. d5 Bxc3 14. d6 Qd8 15. bxc3 Qa5 16. Qd3 Nb8 17. Nd2 Nc6 18. f4 f6 19. Qg3 Qa6 20. Ne4 fxe5 21. fxe5 Kh8 22. Nxc5 Qb6 23. Qe3 Rxf1+ 24. Rxf1 Ra5 25. Rf8+ Kh7 26. Qe4+ g6 27. Rf7+ Kh8 28. Qxg6 Qxc5+ 29. Kh1 1-0

[Event "Chess.com Speed Play In"]
[Site "Chess.com INT"]
[Date "2024.06.27"]
[Round "5"]
[White "Jiang, Andrew"]
[Black "Buraczewski, Rafal"]
[Result "1-0"]
[WhiteElo "2124"]
[BlackElo "2128"]
[PlyCount "55"]
[EventDate "2024.06.27"]
[EventType "swiss (blitz)"]
[EventRounds "11"]
[EventCountry "USA"]
[SourceTitle "CBM 220 Extra"]
[Source "ChessBase"]
[SourceDate "2024.07.31"]
[SourceVersion "1"]
[SourceVersionDate "2024.07.31"]
[SourceQuality "1"]

1. Nf3 Nf6 2. b3 d5 3. Bb2 Bf5 4. e3 e6 5. c4 c6 6. Be2 Nbd7 7. Nh4 Bxb1 8. Rxb1 Ne4 9. Nf3 Bb4 10. a3 Be7 11. d3 Nef6 12. 0-0 0-0 13. Qc2 Rc8 14. e4 dxe4 15. dxe4 Qb6 16. e5 Ne8 17. Rfd1 Nc5 18. b4 Na6 19. c5 Qc7 20. Rd2 b5 21. Rbd1 Nb8 22. Bd3 g6 23. Be4 Ng7 24. Rd6 Bxd6 25. exd6 Qd8 26. Qd2 Nd7 27. Qh6 f6 28. Ng5 1-0

[Event "Titled Tuesday intern op 16th Apr Early"]
[Site "Chess.com INT"]
[Date "2024.04.16"]
[Round "1"]
[White "Buraczewski, Rafal"]
[Black "Bagwe, Gaurang"]
[Result "0-1"]
[WhiteElo "2126"]
[BlackElo "2300"]
[PlyCount "60"]
[EventDate "2024.04.16"]
[EventType "swiss (blitz)"]
[EventRounds "11"]
[EventCountry "USA"]
[SourceTitle "CBM 219 Extra"]
[Source "ChessBase"]
[SourceDate "2024.05.31"]
[SourceVersion "1"]
[SourceVersionDate "2024.05.31"]
[SourceQuality "1"]

1. Nf3 d5 2. g3 Nf6 3. Bg2 e6 4. 0-0 Be7 5. c4 0-0 6. b3 dxc4 7. bxc4 Nc6 8. Bb2 Nd7 9. d4 Nb6 10. Nbd2 a5 11. Rc1 a4 12. a3 Bd7 13. c5 Nd5 14. e4 Nf6 15. Re1 Re8 16. Nc4 Bf8 17. Nfe5 h6 18. Qf3 Rb8 19. d5 exd5 20. exd5 Nxe5 21. Nxe5 Bb5 22. Ng4 Nxg4 23. Qxg4 Qd7 24. Qxd7 Rxe1+ 25. Rxe1 Bxd7 26. Bd4 Re8 27. Rb1 Re2 28. Rxb7 Re1+ 29. Bf1 Bh3 30. f4 Rxf1# 0-1

[Event "Titled Tuesday intern op 26th Sep Early"]
[Site "Chess.com INT"]
[Date "2023.09.26"]
[Round "5"]
[White "Buraczewski, Rafal"]
[Black "Dubnevych, Maksym"]
[Result "0-1"]
[WhiteElo "2123"]
[BlackElo "2391"]
[PlyCount "28"]
[EventDate "2023.09.26"]
[EventType "swiss (blitz)"]
[EventRounds "11"]
[EventCountry "USA"]
[SourceTitle "EXT 2024"]
[Source "ChessBase"]
[SourceDate "2023.10.10"]
[SourceVersion "1"]
[SourceVersionDate "2023.10.10"]
[SourceQuality "1"]

1. d4 Nf6 2. c4 e6 3. Nc3 Bb4 4. a3 Bxc3+ 5. bxc3 c5 6. e3 0-0 7. Bd3 d5 8. cxd5 exd5 9. Ne2 b6 10. 0-0 Ba6 11. Bxa6 Nxa6 12. Qa4 Nc7 13. Ng3 Qe8 14. Bb2 Qxa4 0-1

[Event "Titled Tuesday intern op 26th Sep Early"]
[Site "Chess.com INT"]
[Date "2023.09.26"]
[Round "4"]
[White "Buraczewski, Rafal"]
[Black "Mizzi, Jack"]
[Result "1-0"]
[WhiteElo "2123"]
[BlackElo "2007"]
[PlyCount "91"]
[EventDate "2023.09.26"]
[EventType "swiss (blitz)"]
[EventRounds "11"]
[EventCountry "USA"]
[SourceTitle "EXT 2024"]
[Source "ChessBase"]
[SourceDate "2023.10.10"]
[SourceVersion "1"]
[SourceVersionDate "2023.10.10"]
[SourceQuality "1"]

1. Nf3 c5 2. g3 b5 3. Bg2 Bb7 4. 0-0 h5 5. h4 Nf6 6. a4 a6 7. axb5 axb5 8. Rxa8 Bxa8 9. c4 b4 10. b3 d5 11. Bb2 d4 12. e3 d3 13. Ne5 Bxg2 14. Kxg2 e6 15. Qf3 Be7 16. e4 0-0 17. Nxd3 Ng4 18. Nf4 g6 19. d3 Kh7 20. Nd2 Qd7 21. Qe2 Qc6 22. f3 Nh6 23. Ra1 Na6 24. Nf1 Qd6 25. Ne3 f5 26. exf5 gxf5 27. Nxh5 Rg8 28. f4 Ng4 29. Nxg4 Rxg4 30. Re1 Nc7 31. Be5 Qc6+ 32. Kh2 Ne8 33. d4 Kh6 34. d5 Qa6 35. d6 Bxh4 36. gxh4 Rxh4+ 37. Kg3 Rg4+ 38. Kf3 Qa3 39. d7 Qxb3+ 40. Qe3 Qxc4 41. dxe8Q Qd5+ 42. Ke2 Qc4+ 43. Kd2 Qa2+ 44. Kd3 c4+ 45. Kd4 Qb2+ 46. Kc5 1-0

[Event "Warsaw Szansa blitz op"]
[Site "Warsaw"]
[Date "2023.09.16"]
[Round "9"]
[White "Buraczewski, Rafal"]
[Black "Socko, Monika"]
[Result "1-0"]
[WhiteElo "2123"]
[BlackElo "2392"]
[PlyCount "71"]
[EventDate "2023.09.16"]
[EventType "swiss (blitz)"]
[EventRounds "13"]
[EventCountry "POL"]
[SourceTitle "CBM 216 Extra"]
[Source "ChessBase"]
[SourceDate "2023.11.30"]
[SourceVersion "1"]
[SourceVersionDate "2023.11.30"]
[SourceQuality "1"]

1. e4 c5 2. a3 g6 3. h4 h5 4. Nf3 Bg7 5. c3 Nc6 6. Be2 d5 7. d3 Nf6 8. e5 Ng4 9. d4 0-0 10. b4 cxd4 11. cxd4 f6 12. exf6 Bxf6 13. Bb2 Bf5 14. Nc3 e6 15. b5 Na5 16. Rc1 Rc8 17. g3 Nc4 18. Bxc4 Rxc4 19. 0-0 Qd6 20. Ne2 Rxc1 21. Bxc1 Be4 22. Bf4 Qxa3 23. Nd2 Bd3 24. Re1 e5 25. dxe5 Bxe5 26. Bxe5 Nxe5 27. Nf4 Be4 28. Nxe4 Nf3+ 29. Kh1 Nxe1 30. Qxd5+ Rf7 31. Ng5 Qe7 32. Nxg6 Qd7 33. Qe5 Rg7 34. Nf4 Nd3 35. Nxd3 Qxd3 36. Qe8# 1-0

[Event "Warsaw Szansa blitz op"]
[Site "Warsaw"]
[Date "2023.09.16"]
[Round "2"]
[White "Janik, Igor"]
[Black "Buraczewski, Rafal"]
[Result "1-0"]
[WhiteElo "2517"]
[BlackElo "2123"]
[PlyCount "76"]
[EventDate "2023.09.16"]
[EventType "swiss (blitz)"]
[EventRounds "13"]
[EventCountry "POL"]
[SourceTitle "CBM 216 Extra"]
[Source "ChessBase"]
[SourceDate "2023.11.30"]
[SourceVersion "1"]
[SourceVersionDate "2023.11.30"]
[SourceQuality "1"]

1. Nf3 d5 2. c4 c6 3. b3 Bf5 4. Bb2 e6 5. d3 Nf6 6. Nbd2 Nbd7 7. Nh4 Bg6 8. Nxg6 hxg6 9. g3 Be7 10. Bg2 0-0 11. 0-0 Rc8 12. a3 Qb6 13. Rc1 a5 14. Qc2 Rfd8 15. Qb1 Ne8 16. e3 Bf6 17. d4 Qa7 18. Rfd1 Nd6 19. a4 Nb8 20. Ba3 Be7 21. Nf3 Nf5 22. Bxe7 Nxe7 23. Ne5 Nd7 24. Nd3 Nf5 25. Qb2 Nd6 26. Qa3 Qb8 27. Rc2 Nf6 28. Ne5 Nd7 29. Nd3 Nf6 30. Rdc1 Nde4 31. b4 axb4 32. Qxb4 dxc4 33. Qxc4 Qa7 34. Qb3 Ra8 35. Ne5 Qxa4 36. Qxb7 Qa7 37. Qxa7 Rxa7 38. Nxc6 Raa8 1-0

[Event "Titled Tuesday intern op 22nd Aug Early"]
[Site "Chess.com INT"]
[Date "2023.08.22"]
[Round "4"]
[White "Buraczewski, Rafal"]
[Black "Marn, Jan"]
[Result "0-1"]
[WhiteElo "2123"]
[BlackElo "2324"]
[PlyCount "108"]
[EventDate "2023.08.22"]
[EventType "swiss (blitz)"]
[EventRounds "11"]
[EventCountry "USA"]
[SourceTitle "EXT 2024"]
[Source "ChessBase"]
[SourceDate "2023.10.10"]
[SourceVersion "1"]
[SourceVersionDate "2023.10.10"]
[SourceQuality "1"]

1. d4 e6 2. c4 f5 3. Nf3 Nf6 4. Nc3 Bb4 5. Qc2 0-0 6. g3 b6 7. Bg2 Bb7 8. 0-0 Ne4 9. Nd2 d5 10. cxd5 exd5 11. f3 Nf6 12. Qb3 Bxc3 13. bxc3 Kh8 14. Ba3 Re8 15. Rae1 Nbd7 16. c4 dxc4 17. Nxc4 Bd5 18. Qc2 c5 19. Nd6 Rf8 20. dxc5 Nxc5 21. Bxc5 bxc5 22. Nxf5 Qb6 23. e4 Bg8 24. Rc1 c4+ 25. Kh1 Nd7 26. Ne7 Bf7 27. f4 Nc5 28. e5 Rad8 29. Rb1 Qa6 30. Nc6 Rc8 31. Nb4 Qa5 32. f5 Na6 33. Nxa6 Qxa6 34. e6 Be8 35. Qc3 Bc6 36. Rb2 Bxg2+ 37. Rxg2 Rf6 38. g4 Rcf8 39. e7 Re8 40. g5 Rf7 41. f6 gxf6 42. g6 hxg6 43. Rxg6 Qc6+ 44. Kg1 Rexe7 45. Qh3+ Rh7 46. Rh6 Reg7+ 47. Kf2 Qc5+ 48. Ke1 Re7+ 49. Kd1 Qd4+ 50. Kc1 Qa1+ 51. Kc2 Qxa2+ 52. Kc3 Qb3+ 53. Kd4 Qxh3 54. Rxh3 Rxh3 0-1

[Event "Titled Tuesday intern op 22nd Aug Early"]
[Site "Chess.com INT"]
[Date "2023.08.22"]
[Round "2"]
[White "Buraczewski, Rafal"]
[Black "Zarubitski, Viachaslau"]
[Result "1/2-1/2"]
[WhiteElo "2123"]
[BlackElo "2423"]
[PlyCount "167"]
[EventDate "2023.08.22"]
[EventType "swiss (blitz)"]
[EventRounds "11"]
[EventCountry "USA"]
[SourceTitle "EXT 2024"]
[Source "ChessBase"]
[SourceDate "2023.10.10"]
[SourceVersion "1"]
[SourceVersionDate "2023.10.10"]
[SourceQuality "1"]

1. d4 Nf6 2. Nf3 e6 3. c4 d5 4. Nc3 c6 5. Bg5 h6 6. Bh4 Be7 7. e3 Nbd7 8. Qc2 0-0 9. Rd1 b6 10. cxd5 cxd5 11. Bd3 Bb7 12. 0-0 Rc8 13. Qe2 Ne4 14. Bxe7 Qxe7 15. Bxe4 dxe4 16. Nd2 Nf6 17. Qb5 Rc7 18. a3 Rfc8 19. Rc1 Bd5 20. Rfe1 Qd7 21. Qxd7 Nxd7 22. Rcd1 f5 23. f3 exf3 24. gxf3 Nf6 25. Rc1 Ba8 26. Kf2 Nd5 27. Ne2 Kf7 28. Rxc7+ Rxc7 29. Rc1 g5 30. Rxc7+ Nxc7 31. Nc4 Bd5 32. Ne5+ Ke7 33. Nc3 Bb7 34. e4 Ne8 35. Ke3 Nd6 36. b3 h5 37. Nc4 Nxc4+ 38. bxc4 Ba6 39. c5 f4+ 40. Kd2 bxc5 41. dxc5 Kd7 42. Na4 Kc6 43. Kc3 Bb5 44. Nb2 Kxc5 45. Nd1 Be2 46. Nf2 Bxf3 47. a4 Be2 48. e5 Kd5 49. Nh3 Kxe5 50. Nxg5 f3 51. Kd2 Kf4 52. Nxe6+ Kg4 53. Ke3 Kh3 54. Nf4+ Kxh2 55. Nxh5 Kg1 56. Ng3 Bd1 57. Ne4 Kg2 58. a5 Ba4 59. Nf2 Bc2 60. Ng4 Kg3 61. Nf2 Bf5 62. Nd1 Bg6 63. Nf2 Bc2 64. Nh1+ Kg2 65. Nf2 Ba4 66. Ng4 Bc6 67. Nf2 Kf1 68. Ng4 Ke1 69. Nf2 Bb7 70. Nd3+ Kd1 71. Ne5 Kc2 72. Nxf3 Kb3 73. Nd4+ Kb4 74. Kd2 Kxa5 75. Kc3 Bd5 76. Nb3+ Ka4 77. Nc5+ Kb5 78. Nb3 Ka4 79. Nc5+ Ka3 80. Na6 Bb7 81. Nc5 Bc8 82. Nd3 a5 83. Nc5 a4 84. Nxa4 1/2-1/2

[Event "Titled Tuesday intern op 22nd Aug Early"]
[Site "Chess.com INT"]
[Date "2023.08.22"]
[Round "1"]
[White "Jaskolka, Tomasz"]
[Black "Buraczewski, Rafal"]
[Result "0-1"]
[WhiteElo "2227"]
[BlackElo "2123"]
[PlyCount "148"]
[EventDate "2023.08.22"]
[EventType "swiss (blitz)"]
[EventRounds "11"]
[EventCountry "USA"]
[SourceTitle "EXT 2024"]
[Source "ChessBase"]
[SourceDate "2023.10.10"]
[SourceVersion "1"]
[SourceVersionDate "2023.10.10"]
[SourceQuality "1"]

1. d4 Nf6 2. c4 e6 3. g3 Be7 4. Bg2 d5 5. Nf3 c6 6. Nc3 0-0 7. 0-0 dxc4 8. a4 c5 9. dxc5 Bxc5 10. Ne5 Qe7 11. Nxc4 Nc6 12. Bg5 Rd8 13. Qc1 Nd4 14. Qf4 Bb4 15. Bxf6 gxf6 16. Kh1 e5 17. Qh6 Bxc3 18. bxc3 Nf5 19. Qh5 Ng7 20. Qf3 Be6 21. Ne3 Rac8 22. Rfc1 b6 23. a5 Qd7 24. axb6 axb6 25. Rd1 Qe7 26. Ng4 Bxg4 27. Qxg4 f5 28. Qf3 e4 29. Qe3 Qf6 30. Rxd8+ Rxd8 31. h4 Ne6 32. Qxb6 Qxc3 33. Rb1 Qd2 34. Bf1 Qd4 35. Qc6 Qxf2 36. Bg2 Qxg3 37. Rg1 Qxh4+ 38. Bh3+ Ng5 39. Qc3 Kf8 40. Qc5+ Kg7 41. Qe5+ f6 42. Qe7+ Kg6 43. Kg2 Qxh3+ 44. Kf2 e3+ 45. Qxe3 Qxe3+ 46. Kxe3 f4+ 47. Kxf4 Rd4+ 48. Ke3 Re4+ 49. Kf2 f5 50. Rb1 h6 51. Rb6+ Kh5 52. e3 Ra4 53. Rf6 Kg4 54. Rb6 Ne4+ 55. Ke2 Ra2+ 56. Kd3 h5 57. Rg6+ Ng5 58. Kd4 h4 59. Rh6 h3 60. e4 f4 61. e5 Rd2+ 62. Kc3 Re2 63. Kd4 f3 64. Kd3 Rxe5 65. Rh8 f2 66. Rf8 Nf3 67. Rg8+ Rg5 68. Rh8 f1Q+ 69. Ke3 Qe1+ 70. Kd3 Rd5+ 71. Kc4 Qe4+ 72. Kb3 Rd3+ 73. Kc2 Qe2+ 74. Kb1 Rd1# 0-1